Statistics for A Star Is Born - Shallow Lyrics

Click here to take the quiz!

General Stats

  • This quiz has been taken 124 times
  • The average score is 14 of 16

Answer Stats

Lyrics% Correct
I'll never meet the {ground}
98%
Tell me somethin', {girl}
96%
Are you happy in this {modern} {world}?
96%
Tell me something, {boy}
96%
Or do you {need} {more}?
95%
We're far from the {shallow} {now}
95%
I'm {falling}
94%
In all the good times i {find} myself
93%
Is there somethin' else you're {searchin'} {for}?
91%
Longin' for {change}
91%
I'm off the {deep} {end}, watch as i dive in
91%
Ain't it hard keeping it so {hardcore}?
90%
Crash {through} {the} {surface}, where they can't hurt us
83%
Aren't you tired tryin' {fill} {that} {void}?
74%
In the {shallow}, {shallow}
70%
And in the bad times i {fear} myself
69%

Score Distribution

Percentile by Number Answered

Percent of People with Each Score

Your Score History

You have not taken this quiz